skbl

Dr Suryya Kumar Bhuyan Library Web-OPAC
ডঃ সূৰ্য্য
কুমাৰ ভূঞা পুথিভঁৰাল ৱেব-অ'পেক

All Research Scholars are advised to clear the annual library fees to continue using Library Resources, Remote Access, Plagiarism Test and Library Clearance.

Cotton University Book Fair 2026

An Introduction to Global Environmental Issues / (Record no. 3180)

MARC details
000 -LEADER
fixed length control field 00742nam a2200253Ia 4500
001 - CONTROL NUMBER
control field 3192
005 - DATE AND TIME OF LATEST TRANSACTION
control field 20240113233617.0
007 - PHYSICAL DESCRIPTION FIXED FIELD--GENERAL INFORMATION
fixed length control field ta
008 - FIXED-LENGTH DATA ELEMENTS--GENERAL INFORMATION
fixed length control field 050408s1994 a g b000 u eng u
020 ## - INTERNATIONAL STANDARD BOOK NUMBER
International Standard Book Number 0-415-10228-6
040 ## - CATALOGING SOURCE
Original cataloging agency Cotton College Assam
041 ## - LANGUAGE CODE
Language code of text/sound track or separate title eng
082 ## - DEWEY DECIMAL CLASSIFICATION NUMBER
Classification number 910
Item number Pi58 Gl
100 ## - MAIN ENTRY--PERSONAL NAME
Personal name Pickering, Kevin T .
245 #0 - TITLE STATEMENT
Title An Introduction to Global Environmental Issues /
Statement of responsibility, etc. Kevin T Pickering and Lewis A Owen.
Medium Textual Documents
250 ## - EDITION STATEMENT
Edition statement 1st ed. /
260 ## - PUBLICATION, DISTRIBUTION, ETC.
Place of publication, distribution, etc. New York :
Name of publisher, distributor, etc. Routledge Publishers ,
Date of publication, distribution, etc. 1994.
300 ## - PHYSICAL DESCRIPTION
Extent 390p. :
Other physical details ill ;
Dimensions 27 cm. .
504 ## - BIBLIOGRAPHY, ETC. NOTE
Bibliography, etc. note Appendix, Bibliography, Glossary and Index.
653 ## - INDEX TERM--UNCONTROLLED
Uncontrolled term Environmental
942 ## - ADDED ENTRY ELEMENTS (KOHA)
Source of classification or shelving scheme Dewey Decimal Classification
Koha item type Books
Holdings
Withdrawn status Lost status Damaged status Not for loan Collection Home library Current library Date acquired Coded location qualifier Total checkouts Full call number Barcode Date last seen Copy number Price effective from Koha item type
          Dr. Suryya Kumar Bhuyan Library Dr. Suryya Kumar Bhuyan Library 01/02/2012 00000   910 Pi58 Gl 524/Geog 13/01/2024 1 01/02/2012 Books

Designed and Maintained by Team SKBL
©1901-2026

Powered by Koha